[Event "MSO Ron Banwell mem"]
[Site "London ENG"]
[Date "2000.08.22"]
[Round "3"]
[White "Plaskett,J"]
[Black "Deveraux,M"]
[Result "1-0"]
[WhiteElo "2525"]
[BlackElo "2269"]

1.e4 c5 2.Nc3 Nc6 3.Bb5 g6 4.Bxc6 bxc6 5.f4 d5 6.Nf3 Ba6 7.d3 Bg7 8.e5 e6
9.O-O Ne7 10.Na4 c4 11.Nc5 cxd3 12.cxd3 O-O 13.Be3 Bc8 14.Qd2 Qc7 15.Rac1 Re8
16.Bf2 f6 17.exf6 Bxf6 18.Bd4 Bxd4+ 19.Nxd4 e5 20.fxe5 Qxe5 21.Qf2 Nf5 22.Rce1 Ne3
23.Qf7+ Kh8 24.Nxc6 Be6 25.Nxe5 Bxf7 26.Rxe3  1-0

[Event "ECh-u20"]
[Site "Aviles ESP"]
[Date "2000.08.23"]
[Round "7"]
[White "Perez Candelario,M"]
[Black "Parkin,J"]
[Result "1-0"]
[WhiteElo "2300"]
[BlackElo "2140"]

1.e4 c5 2.Nc3 Nc6 3.Bb5 Nd4 4.Bc4 g6 5.Nge2 Bg7 6.Nxd4 cxd4 7.Qf3 Nh6 8.Ne2 d6
9.h3 O-O 10.O-O Bd7 11.a4 Bc6 12.c3 e5 13.cxd4 exd4 14.d3 Nf5 15.b4 a6 16.Bb2 b5
17.axb5 axb5 18.Bb3 Rxa1 19.Rxa1 Qb6 20.Qf4 Re8 21.exf5 Rxe2 22.fxg6 hxg6
23.Qxf7+ Kh7 24.Qg8+ Kh6 25.Bc1+ g5 26.Bxg5+ Kxg5 27.Qxg7+ Kf5 28.Qg4+  1-0

[Event "Clasificatorio Abierto"]
[Site "Buenos Aires ARG"]
[Date "2000.08.23"]
[Round "5"]
[White "De las Heras,J"]
[Black "Guerrero,Alv"]
[Result "1-0"]
[WhiteElo "2305"]
[BlackElo "2160"]

1.e4 c5 2.Nf3 Nc6 3.Nc3 Nf6 4.d4 cxd4 5.Nxd4 e5 6.Ndb5 d6 7.Nd5 Nxd5 8.exd5 Nb8
9.c3 Be7 10.Be3 a6 11.Na3 O-O 12.Nc4 Nd7 13.a4 f5 14.f3 Qe8 15.Be2 Qg6 16.O-O f4
17.Bf2 Nf6 18.Kh1 Bf5 19.Qb3 Kh8 20.Qxb7 Rae8 21.Nd2 Qh5 22.Rfe1 g5 23.Bxa6 g4
24.Bb5 e4 25.Bxe8 Rxe8 26.Rxe4 g3 27.Bg1 Bxe4 28.fxe4 Qe2 29.Nf3 Ng4 30.Qb5 Qxe4
31.Qxe8+ Kg7 32.Bd4+ Kh6 33.hxg3 fxg3 34.Re1 Nf2+ 35.Kg1 Nh3+ 36.gxh3 Qxf3
37.Qxe7  1-0

[Event "Clasificatorio Abierto"]
[Site "Buenos Aires ARG"]
[Date "2000.08.23"]
[Round "5"]
[White "Mela,B"]
[Black "Liascovich,L"]
[Result "1/2-1/2"]
[WhiteElo "2267"]
[BlackElo "2209"]

1.e4 c5 2.Nf3 Nc6 3.Nc3 g6 4.d4 cxd4 5.Nxd4 Bg7 6.Be3 Nf6 7.Be2 O-O 8.Nb3 a5
9.a4 d6 10.O-O Be6 11.Nd4 Nxd4 12.Bxd4 Rc8 13.f3 Nd7 14.Bxg7 Kxg7 15.Qd4+ Kg8
16.Bb5 Qb6 17.Rfd1 Qxd4+ 18.Rxd4 Nb6 19.Rd2 Rc5 20.Nd1 f5 21.exf5 gxf5 22.Re2 Kf7
23.Nf2 Bc4 24.Bxc4+ Rxc4 25.Rae1 Re8 26.b3 Rcc8 27.c4 Nd7 28.Nd3 e5 29.Rd1 Red8
30.Red2 Ke6 31.Re1 Nc5 32.Nxc5+ Rxc5 33.Red1 Rc6 34.Rd5 b6 35.f4 e4 36.Rb5 Rb8
37.Rbd5 Rd8 38.Kf2 Rc5 39.g4 fxg4 40.Ke3 Kf7 41.Kxe4 Re8+ 42.Kf5 Re3 43.Rxc5 dxc5
44.Rd7+ Ke8 45.Rxh7 Rxb3 46.Kxg4 Rc3 47.h4 Kf8 48.h5 Rxc4 49.Rb7 Rxa4 50.h6 Kg8  1/2-1/2

[Event "Summer Festival Open"]
[Site "Lisbon POR"]
[Date "2000.08.23"]
[Round "3"]
[White "Torrado Quintela,J"]
[Black "Damaso,R"]
[Result "0-1"]
[WhiteElo "2124"]
[BlackElo "2386"]

1.e4 c5 2.Nf3 Nc6 3.Nc3 d6 4.g3 g6 5.d4 Bg4 6.dxc5 dxc5 7.Qxd8+ Rxd8 8.Bg2 Nb4
9.O-O Nxc2 10.Rb1 Bg7 11.e5 Nh6 12.Bg5 Nf5 13.Ne1 Nxe1 14.Rfxe1 Nd4 15.Bf6 Kf8
16.Bxg7+ Kxg7 17.Bxb7 Bf5 18.Rbd1 Rb8 19.Bd5 Rxb2 20.Na4 Rc2 21.Nxc5 Ne2+
22.Kf1 Nc3 23.Rd4 Nxd5 24.Rxd5 e6  0-1

[Event "ch-FRA Haute"]
[Site "Vichy FRA"]
[Date "2000.08.23"]
[Round "8"]
[White "Fressinet,L"]
[Black "Bacrot,E"]
[Result "0-1"]
[WhiteElo "2536"]
[BlackElo "2613"]

1.e4 c5 2.Nc3 Nc6 3.Nf3 d6 4.d4 cxd4 5.Nxd4 Nf6 6.Bg5 e6 7.Qd2 a6 8.O-O-O h6
9.Nxc6 bxc6 10.Bf4 d5 11.Qe3 Be7 12.Be2 O-O 13.h4 Re8 14.Qg3 Kh8 15.Bc7 Qd7
16.Be5 Bf8 17.exd5 cxd5 18.Rd4 Qe7 19.Bd3 Nd7 20.f4 Bb7 21.Qg4 Nc5 22.Na4 Nxd3+
23.Rxd3 f6 24.Bd4 Qb4 25.Nb6 Rad8 26.a3 Qd6 27.Rc3 e5 28.Bc5 Qxc5 29.Rxc5 Bxc5
30.Na4 Be3+ 31.Kb1 Bxf4 32.Nc5 Bc8 33.Qe2 e4 34.Rd1 d4 35.g4 e3 36.Nd3 Bg3
37.Rh1 Bb7 38.Rh3 Bd6 39.g5 Be4 40.gxf6 gxf6 41.Rf3 Bxf3 42.Qxf3 Re6 43.Qg4 Rde8
44.Qg6 Bf8  0-1

[Event "ECh-u20"]
[Site "Aviles ESP"]
[Date "2000.08.24"]
[Round "8"]
[White "Navarro Cia,M"]
[Black "Rigo,Z"]
[Result "0-1"]
[WhiteElo "2307"]
[BlackElo "2224"]

1.e4 c5 2.Nc3 Nc6 3.Nf3 d6 4.d4 cxd4 5.Nxd4 Nf6 6.Bg5 e6 7.Qd2 a6 8.O-O-O Bd7
9.f3 Be7 10.Kb1 b5 11.g4 b4 12.Nce2 Nxe4 13.fxe4 Bxg5 14.Nxc6 Bxc6 15.Qxb4 Rb8
16.Qxd6 Qxd6 17.Rxd6 Bxe4 18.Rg1 Ke7 19.Nc3 Be3 20.Rg3 Bf4 21.Nxe4 Bxd6 22.Nxd6 Kxd6
23.Bxa6 h5 24.g5 f5 25.gxf6 gxf6 26.a4 f5 27.Bc4 e5 28.Rg6+ Kc5 29.b3 Kd4
30.Kb2 e4 31.c3+ Ke3 32.Rg3+ Kf2  0-1

[Event "ch-ESP"]
[Site "Barcelona ESP"]
[Date "2000.08.24"]
[Round "6"]
[White "Moreno,J"]
[Black "Franco Ocampos,Z"]
[Result "1-0"]
[WhiteElo "2515"]
[BlackElo "2512"]

1.e4 c5 2.Nf3 Nc6 3.Nc3 d6 4.d4 cxd4 5.Nxd4 Nf6 6.Bg5 e6 7.Qd2 a6 8.O-O-O Bd7
9.f3 Be7 10.h4 Rc8 11.Kb1 b5 12.Nxc6 Rxc6 13.Bd3 h6 14.Be3 h5 15.Bg5 e5 16.g3 Be6
17.f4 b4 18.Na4 Qa5 19.b3 O-O 20.f5 Bd7 21.g4 hxg4 22.Bxf6 Bxf6 23.Rhg1 d5
24.Rxg4 Rd8 25.Rdg1 Kf8 26.Qg2 Bxf5 27.exf5 e4 28.Rxg7 exd3 29.Rh7 dxc2+
30.Kc1 Bb2+ 31.Nxb2  1-0

[Event "zt 2.32"]
[Site "Guatemala City GUA"]
[Date "2000.08.24"]
[Round "9"]
[White "Reyes Najera,C"]
[Black "Juarez Flores,G"]
[Result "1-0"]
[WhiteElo "2257"]
[BlackElo "2261"]

1.e4 c5 2.Nf3 Nc6 3.Nc3 g6 4.d4 cxd4 5.Nxd4 Bg7 6.Be3 Nf6 7.Be2 d6 8.h4 Qa5
9.Nb3 Qd8 10.h5 gxh5 11.Bxh5 Nxh5 12.Qxh5 Ne5 13.Bd4 Bg4 14.Qh2 Rg8 15.Qxh7 Kd7
16.Qh2 Rh8 17.Qg1 f6 18.f3 Be6 19.Rxh8 Qxh8 20.Bxe5 fxe5 21.O-O-O b6 22.Qf1 Qh6+
23.Kb1 Ke8 24.Nd5 Bxd5 25.Qb5+ Kd8 26.Qxd5 Rc8 27.a4 Bf6 28.Nd2 Qe3 29.Nc4 Qe2
30.b3 Qxg2 31.Rd2 Qg1+ 32.Ka2 Qc5 33.Qe6 Rc6 34.Rg2 Kc7 35.Na3 Kb7 36.Nb5 Rc7
37.Nxc7 Qxc7 38.c4 a5 39.Qd5+ Ka7 40.Rg8 Qb7 41.Qb5 Qc7 42.Qe8 Qb7 43.Kb1 Bh4
44.Kc2  1-0

[Event "ECh-u20"]
[Site "Aviles ESP"]
[Date "2000.08.25"]
[Round "9"]
[White "Fernandez Romero,Ern"]
[Black "Hunt,A"]
[Result "1/2-1/2"]
[WhiteElo "2383"]
[BlackElo "2392"]

1.e4 c5 2.Nc3 Nc6 3.Nf3 e5 4.Bc4 Be7 5.d3 h6 6.Nd2 Nf6 7.Nf1 d6 8.Ne3 Kf8
9.O-O Rb8 10.f4 exf4 11.Rxf4 Ne5 12.Bd5 b5 13.a3 a5 14.Rf1 Be6 15.h3 Qd7
16.Qe1 b4 17.Ne2 Bxd5 18.exd5 Qb7 19.Qg3 Nxd5 20.Nf5  1/2-1/2

[Event "ECh-u20"]
[Site "Aviles ESP"]
[Date "2000.08.25"]
[Round "9"]
[White "Suarez Real,A"]
[Black "Vink,N"]
[Result "0-1"]
[WhiteElo "2116"]
[BlackElo "2296"]

1.e4 c5 2.Nc3 Nc6 3.Nf3 d6 4.d4 cxd4 5.Nxd4 e5 6.Nf3 Be7 7.Bc4 Nf6 8.O-O O-O
9.h3 a6 10.a4 b6 11.Be3 Nb4 12.Nd5 Nbxd5 13.Bxd5 Nxd5 14.exd5 f5 15.c4 f4
16.Bd2 a5 17.b4 Bf6 18.Bc3 Qe8 19.Re1 Qg6 20.Kh2 axb4 21.Bb2 e4 22.Nd4 f3
23.Rg1 Be5+ 24.Kh1 Qh6  0-1

[Event "Summer Festival Open"]
[Site "Lisbon POR"]
[Date "2000.08.25"]
[Round "5"]
[White "De Firmian,N"]
[Black "Rocha,S"]
[Result "1-0"]
[WhiteElo "2567"]
[BlackElo "2374"]

1.e4 c5 2.Nf3 Nc6 3.Nc3 d6 4.d4 cxd4 5.Nxd4 e5 6.Nf5 a6 7.Ne3 Nf6 8.Ned5 Be6
9.Be3 Rc8 10.Nb6 Rb8 11.Be2 Be7 12.O-O O-O 13.a4 Nd7 14.Ncd5 Nxb6 15.Bxb6 Qd7
16.c3 Rfc8 17.Be3 Bd8 18.c4 Qe8 19.b3 Ne7 20.Nb6 Rc6 21.a5 Ng6 22.Nd5 h6
23.Nb4 Rcc8 24.Qxd6 Bg5 25.Nd5 Bxe3 26.fxe3 Rc6 27.Qb4 Qd8 28.Rad1 Qg5 29.Qc3 Nh4
30.g3 Re8 31.Rf2 h5 32.Rdf1 Bh3 33.Kh1 Rg6 34.Rg1 Bg4 35.Qe1 Bxe2 36.Qxe2 f5
37.Qd1 f4 38.gxh4 Qxh4 39.Rxg6 Qxf2 40.Nf6+ Kf7 41.Rg2  1-0

[Event "Summer Festival Open"]
[Site "Lisbon POR"]
[Date "2000.08.25"]
[Round "5"]
[White "Leonardo,J"]
[Black "Fernandes,An"]
[Result "0-1"]
[WhiteElo "2301"]
[BlackElo "2438"]

1.e4 c5 2.Nc3 Nc6 3.Nf3 d6 4.Bb5 Bd7 5.O-O e5 6.Ba4 Be7 7.Nd5 Nf6 8.Nxe7 Qxe7
9.Re1 O-O 10.h3 Kh8 11.c3 Rae8 12.Bb3 Qd8 13.d3 h6 14.Re3 Bc8 15.Nh2 d5 16.Ng4 Nxg4
17.hxg4 dxe4 18.dxe4 Qxd1+ 19.Bxd1 Rd8 20.Re1 Rd6 21.Be3 b6 22.Be2 Be6 23.f3 Rfd8
24.Kf2 Kg8 25.b3 a5 26.Rab1 Kf8 27.Rb2 Ke7 28.Rc1 Ra8 29.a3 Rb8 30.g3 f6
31.f4 Rdd8 32.Rh1 Bf7 33.g5 hxg5 34.fxg5 Rh8 35.Rh4 Bg6 36.Bf3 Rbd8 37.Rd2 Rxd2+
38.Bxd2 Rd8 39.gxf6+ Kxf6 40.Ke1 Bf7 41.Bd1 a4 42.bxa4 Na5 43.g4 Nc4 44.g5+ Ke7
45.Bc1 Rd3 46.g6 Bxg6 47.Bg5+ Kd6 48.Be2 Rxc3 49.Bd8 Kd7 50.Rh8 Kc6 51.Rg8 Bxe4
52.Rxg7 Bd3 53.Bg4 Rc1+ 54.Kf2 Rf1+ 55.Kg3 Kd5 56.Bg5 Rg1+ 57.Kh4  0-1

[Event "ch-FRA Women"]
[Site "Vichy FRA"]
[Date "2000.08.25"]
[Round "10"]
[White "Te Llalemand,R"]
[Black "Costagliola,M"]
[Result "1-0"]
[WhiteElo "2289"]
[BlackElo "2236"]

1.e4 c5 2.Nf3 Nc6 3.Nc3 e5 4.Bc4 d6 5.d3 Be6 6.Nd5 h6 7.Ne3 Be7 8.O-O Qd7
9.c3 Nf6 10.Bxe6 fxe6 11.d4 exd4 12.cxd4 Nxe4 13.d5 exd5 14.Nxd5 O-O 15.Re1 Nf6
16.Bf4 Nxd5 17.Qxd5+ Kh8 18.Bg3 Rf5 19.Qd2 d5 20.Bh4 Bxh4 21.Nxh4 Rf6 22.Qe2 Raf8
23.f4 Nd4 24.Qd3 Qg4 25.g3 Kg8 26.Kh1 Re6 27.b4 b6 28.bxc5 bxc5 29.Rxe6 Qxe6
30.Ng6 Rb8 31.Rc1 Rb2 32.f5 Qe2 33.Qxe2 Rxe2 34.Rxc5 Nf3 35.Rc8+ Kf7 36.Rf8+  1-0

[Event "ECh-u20"]
[Site "Aviles ESP"]
[Date "2000.08.26"]
[Round "10"]
[White "Bitansky,I"]
[Black "De Vreugt,D"]
[Result "1-0"]
[WhiteElo "2359"]
[BlackElo "2511"]

1.e4 c5 2.Nf3 Nc6 3.Nc3 g6 4.d4 cxd4 5.Nxd4 Bg7 6.Be3 Nf6 7.Bc4 d6 8.f3 O-O
9.Qd2 Bd7 10.O-O-O Rc8 11.Bb3 Ne5 12.Kb1 Nc4 13.Bxc4 Rxc4 14.g4 Qc8 15.h4 Rxc3
16.Qxc3 Qxc3 17.bxc3 Rc8 18.g5 Nh5 19.Ne2 Bb5 20.Rhe1 b6 21.Bd4 Be5 22.Bxe5 dxe5
23.Kb2 f6 24.Rd2 h6 25.Red1 hxg5 26.hxg5 Kf7 27.gxf6 exf6 28.Nc1 Ke7 29.Rg1 Be8
30.Nd3 a5 31.Nf2 Nf4 32.Rh1 Ne6 33.Ng4 Nc5 34.Rh7+ Ke6 35.Ne3 Na4+ 36.Kc1 Nxc3
37.Rb7 Nxa2+ 38.Kb2 Nb4 39.Nd5 Nc6 40.Nxb6 Rd8 41.Rxd8 Nxd8 42.Rb8 Ke7 43.Nd5+ Kd7
44.Nxf6+ Kc7 45.Ra8  1-0

[Event "Open"]
[Site "Abudhabi UAE"]
[Date "2000.08.27"]
[Round "2"]
[White "Mirzoeva,E"]
[Black "Ahmad,H"]
[Result "1-0"]
[WhiteElo "2296"]
[BlackElo "2155"]

1.e4 c5 2.Nf3 Nc6 3.Nc3 g6 4.Bc4 Bg7 5.O-O d6 6.d3 Nf6 7.h3 O-O 8.Be3 a6
9.a4 Nd7 10.d4 cxd4 11.Nxd4 Nde5 12.Be2 f5 13.Nxc6 bxc6 14.f4 Nf7 15.exf5 Bxf5
16.Bd3 Bxd3 17.Qxd3 d5 18.Bc5 Nd6 19.Rae1 Rf7 20.Bd4 Bh6 21.g3 Qc8 22.Kg2 Nf5
23.Be5 Bf8 24.g4 Nd6 25.b3 e6 26.Qg3 Qd7 27.Qe3 Re8 28.h4 Qc8 29.Qg3 Qd7
30.Rh1 c5 31.h5 g5 32.fxg5 d4 33.Ne4 Nxe4 34.Rxe4 Qd5 35.Re1 Bg7 36.Kg1 Qd8
37.g6 hxg6 38.hxg6 Rd7 39.Bxg7 Kxg7 40.Rxe6 Rh8 41.Qe5+ Kh6 42.g7+  1-0

[Event "ch-ESP"]
[Site "Barcelona ESP"]
[Date "2000.08.27"]
[Round "9"]
[White "Perpinya Rofes,L"]
[Black "Ayza Ballester,J"]
[Result "0-1"]
[WhiteElo "2342"]
[BlackElo "2251"]

1.e4 c5 2.Nc3 Nc6 3.Nge2 g6 4.d4 cxd4 5.Nxd4 Bg7 6.Be3 Nf6 7.Bc4 O-O 8.Bb3 a5
9.a4 Ng4 10.Qxg4 Nxd4 11.Qh4 Nxb3 12.cxb3 Ra6 13.O-O Re6 14.Nd5 b6 15.f4 f5
16.e5 Bb7 17.Rfd1 Bxd5 18.Rxd5 d6 19.Rad1 Qe8 20.Bxb6 dxe5 21.Bxa5 exf4 22.Qxf4 Re4
23.Qd2 Qb8 24.Rb5 Bd4+ 25.Kh1 Qd6 26.Bb6 Rh4 27.h3 e5 28.Qb4 Qf6 29.Bxd4 exd4
30.Rb8 Rxb8 31.Qxb8+ Kg7 32.Qc7+ Kh6 33.Re1 Re4 34.Rd1 f4 35.Rd3 Re3 36.Qc2 Qf5
37.Rd2 d3 38.Qc1 Qe4 39.Kh2 Re1 40.Qc5 Re2 41.Qf8+ Kg5 42.Rxe2 dxe2  0-1

[Event "IV Russian Cup Final"]
[Site "Elista RUS"]
[Date "2000.08.27"]
[Round "8"]
[White "Najer,E"]
[Black "Utnasunov,A"]
[Result "1/2-1/2"]
[WhiteElo "2597"]
[BlackElo "2257"]

1.e4 c5 2.Nc3 Nc6 3.Bb5 Nd4 4.Bc4 d6 5.Nge2 Nf6 6.d3 g6 7.Nxd4 cxd4 8.Ne2 Qb6
9.a4 Bg7 10.O-O O-O 11.h3 Qc5 12.c3 dxc3 13.Nxc3 Bd7 14.Be3 Qb4 15.Ra3 Bc6
16.Qe2 Nd7 17.Bd2 Qc5 18.Nd5 Bxd5 19.Bxd5 Bxb2 20.Rb3 Qc2 21.Qd1 Qxd1 22.Rxd1 Bf6
23.Rxb7 Nc5 24.Rc7 Rac8 25.Rxa7 e6 26.Bc4 Nxe4 27.dxe4 Rxc4 28.Be3 Rd8 29.f3 d5
30.exd5 exd5 31.Bb6 Rd6 32.a5 d4 33.Rc7 Rxc7 34.Bxc7 Rd7 35.Bb6 d3 36.Kf1 Rd6
37.Bc7 Rd7 38.Bb6 Rd6 39.Bc5 Rd5 40.Bb4 Rb5 41.Bd2 Kg7 42.a6 Bd4 43.a7  1/2-1/2

[Event "Open"]
[Site "Abudhabi UAE"]
[Date "2000.08.28"]
[Round "3"]
[White "Mirzoeva,E"]
[Black "Faisal,Keshwani"]
[Result "1/2-1/2"]
[WhiteElo "2296"]
[BlackElo "2191"]

1.e4 c5 2.Nf3 Nc6 3.Nc3 e5 4.Bc4 d6 5.h3 Be7 6.d3 Nf6 7.O-O O-O 8.Bg5 Be6
9.Bxf6 Bxf6 10.Nd5 Bxd5 11.Bxd5 Qb6 12.Nd2 Qc7 13.Nc4 Ne7 14.Ne3 Bg5 15.Bc4 Rad8
16.g3 Bxe3 17.fxe3 d5 18.exd5 e4 19.Qg4 Nxd5 20.Bxd5 Rxd5 21.dxe4 Rd2 22.Rf2 Rfd8
23.Raf1 Rxf2 24.Rxf2 Qa5 25.Qf3 Qxa2 26.b3 Rf8 27.Qd1 Qb2 28.Qd5 b6 29.Kg2 Qc3
30.Qd3 Qxd3 31.cxd3 Rd8 32.Rd2 Kf8 33.Kf3 Ke7 34.e5 f6 35.exf6+ Kxf6 36.d4 cxd4
37.exd4 a5 38.Ke4 Re8+ 39.Kd3 b5 40.Rc2 a4 41.bxa4 bxa4 42.Rc6+ Re6 43.Rc3  1/2-1/2

[Event "Summer Festival Open"]
[Site "Lisbon POR"]
[Date "2000.08.28"]
[Round "8"]
[White "Mitkov,N"]
[Black "Barbero,G"]
[Result "1-0"]
[WhiteElo "2532"]
[BlackElo "2445"]

1.e4 c5 2.Nc3 Nc6 3.Nf3 g6 4.d4 cxd4 5.Nxd4 Bg7 6.Be3 Nf6 7.Bc4 O-O 8.Bb3 d6
9.h3 Na5 10.O-O a6 11.Re1 e6 12.Nf3 b5 13.Qd2 b4 14.Na4 Nxb3 15.axb3 Nxe4
16.Qxb4 f5 17.Nd2 d5 18.Nxe4 fxe4 19.Rad1 Qc7 20.c4 Qf7 21.Qd6 Bb7 22.Nc5 Rfe8
23.cxd5 Bxd5 24.Bd4 Rac8 25.b4 Rc6 26.Qg3 a5 27.Nxe4 axb4 28.Nd6  1-0

[Event "Open"]
[Site "Abudhabi UAE"]
[Date "2000.08.29"]
[Round "4"]
[White "Badjarani,I"]
[Black "Faisal,Keshwani"]
[Result "1-0"]
[WhiteElo "2354"]
[BlackElo "2191"]

1.e4 c5 2.Nf3 Nc6 3.Nc3 e5 4.Bc4 d6 5.d3 Be7 6.Nd2 Nf6 7.Nf1 O-O 8.Ne3 Nd4
9.O-O Be6 10.a4 a6 11.g3 Rb8 12.Ncd5 b5 13.Ba2 b4 14.Bc4 a5 15.f4 Nc6 16.c3 Re8
17.f5 Bc8 18.Nxf6+ Bxf6 19.Qh5 Rf8 20.Nd5 h6 21.h4 Ra8 22.Nxf6+ Qxf6 23.Bg5 hxg5
24.hxg5  1-0

[Event "ch-HUN KO"]
[Site "Budapest HUN"]
[Date "2000.08.29"]
[Round "1.2"]
[White "Balogh,V"]
[Black "Por,A"]
[Result "1-0"]
[WhiteElo "2182"]
[BlackElo "2028"]

1.e4 c5 2.Nc3 Nc6 3.Nf3 d6 4.d4 cxd4 5.Nxd4 g6 6.Be3 Bg7 7.Qd2 Nf6 8.f3 O-O
9.Bc4 Bd7 10.O-O-O Rc8 11.Bb3 Ne5 12.h4 h5 13.Bg5 Rc5 14.Kb1 b5 15.g4 hxg4
16.h5 Nxh5 17.Nd5 Rxd5 18.Bxd5 gxf3 19.Nf5 Bxf5 20.exf5 Nc4 21.Bxc4 bxc4
22.Rxh5 Qb6 23.f6 exf6 24.Be3 Qb7 25.Rh3 f5 26.Bd4 Qe4 27.Bxg7 Kxg7 28.Qc3+  1-0

[Event "Open"]
[Site "Abudhabi UAE"]
[Date "2000.09.03"]
[Round "8"]
[White "Mirzoeva,E"]
[Black "Al Ghasra,A"]
[Result "1-0"]
[WhiteElo "2296"]
[BlackElo "2205"]

1.e4 c5 2.Nf3 Nc6 3.Nc3 Nf6 4.Bb5 e6 5.O-O Nd4 6.e5 Nxb5 7.exf6 Nxc3 8.fxg7 Bxg7
9.dxc3 b6 10.Bf4 d5 11.Re1 O-O 12.Bg3 Bb7 13.Nd2 Qg5 14.Qe2 Rac8 15.f4 Qf5
16.Nf3 d4 17.c4 Rfe8 18.Nh4 Qf6 19.Qd3 Qh6 20.Nf3 f6 21.Re2 Qg6 22.Rae1 Qxd3
23.cxd3 Bxf3 24.gxf3 Kf7 25.f5 e5 26.f4 Bh6 27.fxe5 Be3+ 28.Kg2 fxe5 29.Kf3 a6
30.Ke4 Re7 31.Bh4 Ree8 32.Rg2 Bf4 33.Reg1 Rg8 34.Rxg8 Rxg8 35.Rxg8 Kxg8 36.Bg3 Bd2
37.Bxe5 Kf7 38.Kd5 h6 39.Kc6 Ba5 40.Kb7 h5 41.Kxa6 h4 42.Kb5 Be1  1-0

[Event "zt 1.1"]
[Site "Mondariz ESP"]
[Date "2000.09.04"]
[Round "2"]
[White "Plaskett,J"]
[Black "Galego,L"]
[Result "0-1"]
[WhiteElo "2525"]
[BlackElo "2419"]

1.e4 c5 2.Nc3 Nc6 3.Bb5 Na5 4.Nf3 a6 5.Be2 b5 6.d4 cxd4 7.Nxd4 Bb7 8.O-O e6
9.Bf3 d6 10.Re1 Be7 11.a4 b4 12.Na2 Nf6 13.Bd2 Nc4 14.Nxb4 Qb6 15.Bc3 Rc8
16.a5 Qc7 17.Qe2 Qb8 18.Nbc6 Bxc6 19.Qxc4 Bb7 20.Qa4+ Nd7 21.Bh5 g6 22.Bg4 h5
23.Bh3 Rh7 24.Rad1 g5 25.e5 d5 26.Bxe6 fxe6 27.Nxe6 Rc4 28.Qb3 Qc8 29.Bd4 Qc6
30.Qd3 Qxe6 31.Qxh7 h4 32.Re3 Nf8 33.Qh5+ Qg6 34.Qxg6+ Nxg6 35.Rb3 Bc6 36.Rb6 Rxc2
37.e6 Nf4 38.Rb8+ Bd8 39.Re1 Ke7 40.Be3 Bxa5 41.b4 Bc7 42.Rc8 Bd6 43.g3 d4
44.Rxc6 Rxc6 45.Bxd4 Bxb4 46.Rb1 hxg3 47.hxg3 Ne2+ 48.Kg2 Nxd4 49.Rxb4 Nxe6
50.Ra4 Kd6 51.f4 gxf4 52.gxf4 Kc5 53.Re4 Nd4 54.Kf2 Re6 55.Rxe6 Nxe6 56.f5 Nd4
57.f6 Kd6 58.Ke3 Nc6  0-1

[Event "chT-POL"]
[Site "Zakopane chT"]
[Date "2000.09.04"]
[Round "3"]
[White "Bednarska,M"]
[Black "Lukasiewicz,A"]
[Result "1-0"]
[WhiteElo "2236"]
[BlackElo "2170"]

1.e4 c5 2.Nf3 Nc6 3.Nc3 e5 4.Bc4 Be7 5.d3 h6 6.a4 d6 7.h3 Nf6 8.Be3 a6 9.O-O Rb8
10.Qd2 Nd4 11.Ne1 b5 12.axb5 axb5 13.Ba2 b4 14.Bxd4 exd4 15.Ne2 O-O 16.Nf4 Kh8
17.Nf3 Nd7 18.Nh5 Bg5 19.Qe2 f5 20.h4 Bxh4 21.Nf4 Ne5 22.Nxe5 dxe5 23.Ng6+ Kh7
24.Qh5 Bg5 25.Nxe5 Qf6 26.Nf3 Bf4 27.Bd5 Bb7 28.Bxb7 Rxb7 29.Qxf5+ Qxf5 30.exf5 b3
31.cxb3 Rxb3 32.Ra5 Bd6 33.Rd1 Rxb2 34.g4 Re8 35.Nd2 Rxd2 36.Rxd2 c4 37.dxc4 Bb4
38.Raa2 Bxd2 39.Rxd2 Rd8 40.Rd3 Kg8 41.Kg2 Kf7 42.Kf3 Kf6 43.Ke4 Kg5 44.f3 h5
45.gxh5 Kxh5 46.Rxd4 Re8+ 47.Kd3 Kg5 48.Rd5 Kf4 49.c5 Kxf3 50.c6 Rc8 51.Rc5 Rc7
52.Kc4 Ke4 53.Kb5 Kd4 54.Kb6 Rc8 55.c7 Ke4 56.Kb7 Rf8 57.c8=Q Rxc8 58.Kxc8  1-0

[Event "chT-POL"]
[Site "Zakopane chT"]
[Date "2000.09.06"]
[Round "5"]
[White "Jaracz,P"]
[Black "Krogulski,G"]
[Result "1-0"]
[WhiteElo "2511"]
[BlackElo "2252"]

1.e4 c5 2.Nc3 Nc6 3.Nf3 e5 4.Bc4 d6 5.d3 Be7 6.O-O Nf6 7.Ng5 O-O 8.f4 exf4
9.Bxf4 Nd4 10.Qd2 h6 11.Nf3 Ne6 12.Bg3 Nh5 13.Bf2 Ng5 14.Be3 Be6 15.Nd5 Nh7
16.h3 N5f6 17.Nxe7+ Qxe7 18.Bxe6 Qxe6 19.Nh4 b6 20.c4 Nd7 21.Nf5 Ne5 22.Qe2 Rfe8
23.Bd2 Rad8 24.Rf2 Qd7 25.Qe3 Re6 26.Bc3 Nf8 27.b3 Rf6 28.Raf1 Ra8 29.g4 Ne6
30.Qg3 Qc7 31.Rg2 Kh7 32.Rgf2 Nd8 33.Kh1 Ndc6 34.Bd2 Rh8 35.Qe3 Kg8 36.Bc3 Qd7
37.a3 Kf8 38.b4 Kg8 39.Qg3 h5 40.gxh5  1-0

[Event "chT-POL"]
[Site "Zakopane chT"]
[Date "2000.09.06"]
[Round "5"]
[White "Hnyudiuk,A"]
[Black "Pyda,Z"]
[Result "1-0"]
[WhiteElo "2346"]
[BlackElo "2365"]

1.e4 c5 2.Nc3 Nc6 3.Bb5 g6 4.Nf3 Bg7 5.O-O Nf6 6.Re1 O-O 7.e5 Ng4 8.Bxc6 dxc6
9.d3 Nh6 10.Ne4 b6 11.Bf4 f6 12.Qd2 g5 13.exf6 exf6 14.Nfxg5 Nf5 15.Nf3 Qd5
16.h3 Be6 17.c3 Qd7 18.Qe2 Bd5 19.g4 Ne7 20.c4 Ng6 21.Bg3 Rfe8 22.cxd5 cxd5
23.Qc2 dxe4 24.dxe4 Qe6 25.Qb3 Rad8 26.Qxe6+ Rxe6 27.Re2 Bh6 28.h4 Bf4 29.Kg2 Bxg3
30.Kxg3 Rd3 31.Rd2 Rxd2 32.Nxd2 Rd6 33.Nf1 Rd3+ 34.Ne3 Ne5 35.Rd1 Rxd1 36.Nxd1 c4
37.f4 Nd3 38.Kf3 b5 39.Ke3 Ne1 40.Kd4 Ng2 41.Kc5 Nxh4 42.Kxb5 Ng6 43.Ka6 Nxf4
44.Kxa7 Kf7 45.a4 Ke6 46.a5 Kd7 47.Kb6  1-0

[Event "It Gp A"]
[Site "Albacete ESP"]
[Date "2000.09.07"]
[Round "3"]
[White "Arizmendi Martinez,J"]
[Black "Fernandez Romero,Ern"]
[Result "1-0"]
[WhiteElo "2456"]
[BlackElo "2383"]

1.e4 c5 2.Nf3 Nc6 3.Nc3 d6 4.d4 cxd4 5.Nxd4 Nf6 6.f3 Qb6 7.Nb3 g6 8.Qe2 Bg7
9.Be3 Qc7 10.O-O-O Be6 11.Nd5 Qb8 12.Bg5 O-O 13.Nxf6+ exf6 14.Bf4 Ne5 15.Kb1 Rd8
16.Nd4 a6 17.Nxe6 fxe6 18.Bc1 Qc8 19.f4 Nf7 20.h4 f5 21.h5 Nh6 22.hxg6 hxg6
23.exf5 gxf5 24.Qh5 Qd7 25.Qg6 Ng4 26.Rh7 Qf7 27.Rh8+  1-0

[Event "FSIMB September"]
[Site "Budapest HUN"]
[Date "2000.09.07"]
[Round "6"]
[White "Balogh,V"]
[Black "Gara,T"]
[Result "0-1"]
[WhiteElo "2182"]
[BlackElo "2296"]

1.e4 c5 2.Nc3 Nc6 3.Bb5 e6 4.Bxc6 bxc6 5.f4 c4 6.d4 cxd3 7.cxd3 d5 8.Nf3 Nf6
9.O-O Be7 10.e5 Nd7 11.d4 O-O 12.Be3 c5 13.Qd2 Rb8 14.Rfc1 c4 15.f5 Nb6 16.fxe6 Bxe6
17.Bg5 h6 18.Bxe7 Qxe7 19.Rf1 Qb4 20.Rf2 Na4 21.Nxa4 Qxa4 22.Qc2 Qa6 23.Qc3 Rb5
24.Nd2 Ra5 25.b3 Rb8 26.bxc4 dxc4 27.Ne4 Ra3 28.Qc2 c3 29.Nxc3 Rc8 30.Rf3 Qc4
31.Rc1 Qxd4+ 32.Qf2 Qxe5 33.Re1 Qa5 34.Ne4 Rxa2 35.Qg3 Kh8 36.Nd6 Rcc2 37.Nxf7+ Bxf7
38.Qb8+ Kh7 39.Rxf7 Qxe1+  0-1

[Event "zt 1.1"]
[Site "Mondariz ESP"]
[Date "2000.09.08"]
[Round "6"]
[White "Fressinet,L"]
[Black "Dorfman,J"]
[Result "1/2-1/2"]
[WhiteElo "2536"]
[BlackElo "2600"]

1.e4 c5 2.Nc3 Nc6 3.Nf3 g6 4.d4 cxd4 5.Nxd4 Bg7 6.Be3 Nf6 7.Bc4 O-O 8.Bb3 d6
9.f3 Nxd4 10.Bxd4 b5  1/2-1/2

[Event "It Gp A"]
[Site "Albacete ESP"]
[Date "2000.09.10"]
[Round "6"]
[White "Garcia Martinez,S"]
[Black "Oms Pallise,J"]
[Result "1/2-1/2"]
[WhiteElo "2442"]
[BlackElo "2430"]

1.e4 c5 2.Nf3 Nc6 3.Nc3 e6 4.g3 Nf6 5.Bg2 d6 6.O-O Be7 7.d4 cxd4 8.Nxd4 Bd7
9.a4 O-O 10.Nb3 a6 11.a5 Ne5 12.Bf4  1/2-1/2

[Event "Najdorf Final KO"]
[Site "Buenos Aires ARG"]
[Date "2000.09.10"]
[Round "1.2"]
[White "Felgaer,R"]
[Black "Rodriguez,And URU"]
[Result "1/2-1/2"]
[WhiteElo "2390"]
[BlackElo "2493"]

1.e4 c5 2.Nf3 Nc6 3.Nc3 g6 4.d4 cxd4 5.Nxd4 Bg7 6.Nb3 a5 7.a4 Nf6 8.Be2 O-O
9.O-O d6 10.Re1 Be6 11.Bf1 Nb4 12.Nd4 Bg4 13.f3 Bd7 14.Bc4 Rc8 15.Bb3 Na6
16.Be3 Nc5 17.Ba2 Qe8 18.Bb3 Qd8 19.Qd2 e5 20.Ndb5 Nxb3 21.cxb3 Be6 22.Nd5 Bxd5
23.exd5 e4 24.f4 Ng4 25.Bd4 Bxd4+ 26.Qxd4 Qh4 27.h3 Rc2 28.Rec1 Rxc1+ 29.Rxc1 e3
30.hxg4 Qf2+  1/2-1/2

[Event "zt 1.1"]
[Site "Mondariz ESP"]
[Date "2000.09.10"]
[Round "7"]
[White "Emms,J"]
[Black "San Segundo Carrillo,P"]
[Result "1/2-1/2"]
[WhiteElo "2527"]
[BlackElo "2500"]

1.e4 c5 2.Nf3 Nc6 3.Nc3 e5 4.Bc4 Be7 5.d3 d6 6.Nd2 Nf6 7.Nf1 Bg4 8.f3 Be6
9.Ne3 O-O 10.O-O Rb8 11.a3 Nd4 12.Ba2 b5 13.Ncd5 Nxd5 14.Nxd5 Bg5 15.Bxg5 Qxg5
16.c3 Nc6 17.b4 Qd8 18.f4 Ne7 19.Nxe7+ Qxe7 20.f5 Bxa2 21.Rxa2 f6 22.a4 d5
23.Qb3 c4 24.Qc2 d4 25.axb5 cxd3 26.Qxd3 dxc3 27.Qxc3 Rxb5 28.Qc4+ Qf7 29.Qxb5 Qxa2
30.Rd1 Qb3 31.Qd5+ Qxd5 32.Rxd5 Rb8 33.b5 h5 34.Kf2 Kh7 35.h4 Rb6 36.Kf3  1/2-1/2